| 000 | 01254nam a2200301 i 4500 | ||
|---|---|---|---|
| 003 | DO-SdBNP | ||
| 005 | 20251114073138.0 | ||
| 007 | ta | ||
| 008 | 250903b1995 dr a|||| |||| 00| 0 spa d | ||
| 020 | _a9993433497 | ||
| 040 |
_aDO-SdBNP _bspa _cBNPHU _erda |
||
| 041 | _aspa | ||
| 082 | 4 |
_axxx _bN714c _222 |
|
| 100 |
_aNina T., Ramón _eautor _d1951- _4aut. _929503 |
||
| 245 | 1 | 3 |
_aLa casa de la familia numérica / _bRamón Nina T. ; dibujos, Ramón Nina T. ; diagramación, Gerardo Germán. |
| 250 | _aPrimera edición | ||
| 264 | 4 |
_bSanto Domingo, República Dominicana : _aMediabyte, S. A., _c©1995. |
|
| 300 |
_a106, [7] páginas : _bilustraciones ; _c28 cm. |
||
| 336 |
_atexto _btxt _2rdacontent |
||
| 337 |
_asin mediación _bn _2rdamedia |
||
| 338 |
_avolumen _bnc _2rdacarrier |
||
| 490 | 0 | _aEl conocimiento | |
| 521 | _aes un cuento que resalta lo positivo del conocimiento numérico a temprana edad y la necesidad de métodos sencillos y divertidos para su enseñanza. Al mismo tiempo sugiere una conducta social global que permita alcanzar niveles de superación de la especie humana". | ||
| 590 | _aInventariado, 2025 /LP | ||
| 700 | 1 |
_aGermán, Gerardo A., _ediagramador _4diag. _988570 |
|
| 910 | _aLP | ||
| 942 |
_2ddc _cLBS1 |
||
| 999 |
_c59860 _d59860 |
||